| 000 | 00437nab a2200169 a 4500 | ||
|---|---|---|---|
| 001 | 16629 | ||
| 003 | 35720 | ||
| 005 | 20201118095532.0 | ||
| 008 | ||||||n9999 ||| || || | ||
| 245 | 0 | _aComision y Congreso | |
| 300 | _app. 6-7 | ||
| 562 | _e0 | ||
| 650 | _aCOMISIONES DEL SENADO | ||
| 650 | _aORDENAMIENTO TERRITORIAL | ||
| 773 |
_016627 _aBoletín de la Comisión de Ordenamiento Territorial - No.2-10 |
||
| 942 | _cSART | ||
| 999 |
_c16629 _d16629 |
||